| 000 | 00679nam a2200265Ia 4500 | ||
|---|---|---|---|
| 005 | 20260324153240.0 | ||
| 008 | 008 260324s9999 xx 000 0 eng d | ||
| 020 | _a9780128050866 | ||
| 037 | _aEBOOK | ||
| 040 | _aCRL | ||
| 040 | _beng | ||
| 040 | _cCRL | ||
| 041 | _2eng | ||
| 041 | _aeng | ||
| 084 | _qCRL | ||
| 100 |
_aGeary, DavidGeary, David _91230995 |
||
| 245 | 0 | _aAcquisition of Complex Arithmetic Skills and Higher-Order Mathematics Concepts | |
| 260 | _bElsevier | ||
| 260 | _c2017 | ||
| 650 | _aPsychology | ||
| 856 | _uhttps://www.sciencedirect.com/science/book/9780128050866 | ||
| 942 | _cEBOOK | ||
| 999 |
_c1842322 _d1842322 |
||